Vista normal
Vista MARC
Entrada Materia (reunión)
Número de registros utilizados en: 1
001 - CONTROL NUMBER
- control field: 158833
003 - CONTROL NUMBER IDENTIFIER
- control field: Co-BoUCM
005 - DATE AND TIME OF LATEST TRANSACTION
- control field: 20211110120355.0
008 - FIXED-LENGTH DATA ELEMENTS
- fixed length control field: 211110|| aca||aabn | a|a d
040 ## - CATALOGING SOURCE
- Original cataloging agency: Co-BoUCM
- Transcribing agency: Co-BoUCM
111 ## - HEADING--MEETING NAME
- Meeting name or jurisdiction name as entry element: Corporación de Estudios sobre los Derechos de propiedad Intelectual. CORPIC
670 ## - SOURCE DATA FOUND
- Source citation: Work cat.: (Co-BoUCM)34828: Corporación de Estudios sobre los Derechos de propiedad Intelectual. CORPIC, Seminario sobre patentes en la comunidad andina de naciones, 2001